New Panchayati Raj in Action / (Record no. 202273)

MARC details
000 -LEADER
fixed length control field 00650 a2200217 4500
005 - DATE AND TIME OF LATEST TRANSACTION
control field 20240418161149.0
010 ## - LCCN (DPL NO)
LC control number B-758647
020 ## - INTERNATIONAL STANDARD BOOK NUMBER
International Standard Book Number 8170996589
Terms of availability 0.00
035 ## - SYSTEM CONTROL NUMBER
System control number B-758647
037 ## - SOURCE OF ACQUISITION
Source of stock number/acquisition Gift/Unesco
082 ## - DEWEY DECIMAL CLASSIFICATION NUMBER
Classification number 352
100 ## - MAIN ENTRY--PERSONAL NAME
Personal name Mishra, S.N.
245 ## - TITLE STATEMENT
Title New Panchayati Raj in Action /
Statement of responsibility, etc S.N. Mishra , Lokesh Kumar [and] Chaitali Pal
260 ## - PUBLICATION, DISTRIBUTION, ETC. (IMPRINT)
Place of publication, distribution, etc Delhi
Name of publisher, distributor, etc Mittal Publication
Date of publication, distribution, etc 1996
300 ## - PHYSICAL DESCRIPTION
Extent 222p.;
Dimensions 22cm. (Hb)
500 ## - GENERAL NOTE
General note Index,
700 ## - ADDED ENTRY--PERSONAL NAME
Personal name Lokesh Kumar
9 (RLIN) 64776
700 ## - ADDED ENTRY--PERSONAL NAME
Personal name Pal, Chaitali
9 (RLIN) 64891
942 ## - ADDED ENTRY ELEMENTS (KOHA)
Institution code [OBSOLETE] dpl
Item type English Books
Source of classification or shelving scheme Dewey Decimal Classification
Classification part 352
Call number suffix MIS
Holdings
Withdrawn status Lost status Not for loan Collection code Home library Current library Date acquired Source of acquisition Cost, normal purchase price Full call number Barcode Copy number Cost, replacement price Koha item type Public note
      Non-fiction Janak Puri Janak Puri 18/04/2024 Gift/4.4.24 0.00 352 MIS B-758647 1 0.00 English Books Gift

© Delhi Public Library
Hit Counter
free hit counter